Normal view
MARC view
- Mallik, Ranjan K
Entry Personal Name
001 - CONTROL NUMBER
- control field: 105036
003 - CONTROL NUMBER IDENTIFIER
- control field: NUST
005 - DATE AND TIME OF LATEST TRANSACTION
- control field: 20221216095439.0
008 - FIXED-LENGTH DATA ELEMENTS
- fixed length control field: 221216|| aca||aabn | a|a d
040 ## - CATALOGING SOURCE
- Original cataloging agency: NUST
- Transcribing agency: NUST
100 ## - HEADING--PERSONAL NAME
- Personal name: Mallik, Ranjan K
670 ## - SOURCE DATA FOUND
- Source citation: Work cat.: (NUST)0: Rangarao, Kaluri. 105035, Digital signal processing :, c2005.
